[Event "BL2-Ost 2223"]
[Site "Germany"]
[Date "2023.02.26"]
[Round "8.6"]
[White "Rausch, Stephan"]
[Black "Testor, Sebastian"]
[Result "1-0"]
[WhiteElo "2259"]
[BlackElo "2325"]
[PlyCount "109"]
[EventDate "2022.10.22"]
[EventType "team-tourn"]
[EventRounds "10"]
[EventCountry "GER"]
[SourceTitle "EXT 2024"]
[Source "ChessBase"]
[SourceDate "2023.10.10"]
[SourceVersion "1"]
[SourceVersionDate "2023.10.10"]
[SourceQuality "1"]
[WhiteTeam "Leipzig SG"]
[BlackTeam "Passau"]
[WhiteTeamCountry "GER"]
[BlackTeamCountry "GER"]

1. d4 Nf6 2. Nf3 d5 3. c3 e6 4. Bg5 Be7 5. Nbd2 0-0 6. e3 Nbd7 7. Bd3 Re8 8. 0-0 c5 9. Ne5 Nf8 10. f4 N6d7 11. Qh5 g6 12. Bxe7 Qxe7 13. Qf3 f6 14. Ng4 f5 15. Ne5 Nf6 16. Qh3 N8d7 17. Ndf3 Nxe5 18. Nxe5 Bd7 19. Qh4 Rac8 20. Rf3 Nh5 21. Qf2 Red8 22. g4 Nf6 23. g5 Ne4 24. Qe2 Be8 25. Kg2 Rc7 26. Rh1 b5 27. Bxe4 dxe4 28. Rf2 cxd4 29. cxd4 Rdc8 30. Qd2 b4 31. Qe2 Qd6 32. h4 Qd5 33. b3 a5 34. h5 gxh5 35. Kg3 Rc3 36. Kh4 a4 37. bxa4 Qa5 38. Rg1 Bg6 39. Nd7 Qxa4 40. Nb6 Qa3 41. Nxc8 Rxc8 42. Rg3 Rc1 43. Rf1 Rxf1 44. Qxf1 Qxa2 45. Rg2 Qa3 46. Qe1 Qd3 47. Rd2 Qc4 48. Rd1 Bf7 49. Qd2 b3 50. Qb2 Be8 51. Rb1 Bd7 52. Kxh5 Qd3 53. Re1 Bb5 54. Kh6 Be8 55. d5 1-0

[Event "BL2-Ost 2223"]
[Site "Germany"]
[Date "2023.02.25"]
[Round "7.6"]
[White "Goldbeck, Lars"]
[Black "Rausch, Stephan"]
[Result "0-1"]
[WhiteElo "2262"]
[BlackElo "2259"]
[PlyCount "112"]
[EventDate "2022.10.22"]
[EventType "team-tourn"]
[EventRounds "10"]
[EventCountry "GER"]
[SourceTitle "EXT 2024"]
[Source "ChessBase"]
[SourceDate "2023.10.10"]
[SourceVersion "1"]
[SourceVersionDate "2023.10.10"]
[SourceQuality "1"]
[WhiteTeam "Regensburg Bavaria"]
[BlackTeam "Leipzig SG"]
[WhiteTeamCountry "GER"]
[BlackTeamCountry "GER"]

1. Nf3 d5 2. e3 c6 3. c4 Nf6 4. Nc3 e6 5. d4 Nbd7 6. Be2 Bd6 7. 0-0 0-0 8. Qc2 h6 9. b3 Qe7 10. Bb2 Ba3 11. Rfe1 Bxb2 12. Qxb2 Ne4 13. Nxe4 dxe4 14. Nd2 f5 15. c5 e5 16. Nc4 exd4 17. exd4 Nf6 18. Nd6 Ne8 19. Bc4+ Kh7 20. Nxe8 Rxe8 21. f3 e3 22. b4 f4 23. d5 cxd5 24. Bxd5 Bf5 25. Qd4 Rad8 26. Qc4 Qg5 27. Rad1 Re7 28. b5 Bg6 29. c6 bxc6 30. bxc6 Qe5 31. Qd4 Qc7 32. Qc4 Kh8 33. h3 Rf8 34. Kh1 Bf5 35. Rd4 Bc8 36. Be4 Qa5 37. Qb4 Qg5 38. Re2 Qh4 39. Qd6 Bxh3 40. Kg1 Be6 41. c7 Qf6 42. Rc2 e2 43. Rxe2 Rxc7 44. Qxc7 Qxd4+ 45. Kh2 Qf6 46. Qxa7 Bc4 47. Rf2 Rd8 48. Qa4 Bg8 49. Bc2 Rd5 50. Bb3 Rh5+ 51. Kg1 Qh4 52. Kf1 Qh1+ 53. Ke2 Re5+ 54. Kd3 Qc1 55. Re2 Bh7+ 56. Kd4 Qc5# 0-1

[Event "BL2-Ost 2223"]
[Site "Germany"]
[Date "2023.02.04"]
[Round "5.8"]
[White "Rausch, Stephan"]
[Black "Heydari, Edwin"]
[Result "1-0"]
[WhiteElo "2259"]
[BlackElo "1742"]
[PlyCount "49"]
[EventDate "2022.10.22"]
[EventType "team-tourn"]
[EventRounds "10"]
[EventCountry "GER"]
[SourceTitle "EXT 2024"]
[Source "ChessBase"]
[SourceDate "2023.10.10"]
[SourceVersion "1"]
[SourceVersionDate "2023.10.10"]
[SourceQuality "1"]
[WhiteTeam "Leipzig SG"]
[BlackTeam "Muenchen Zugzwang"]
[WhiteTeamCountry "GER"]
[BlackTeamCountry "GER"]

1. d4 d5 2. Nf3 Nf6 3. c3 e6 4. Bg5 h6 5. Bh4 c5 6. e3 Nc6 7. Nbd2 Be7 8. Bd3 Bd7 9. Ne5 Qc7 10. f4 g5 11. Bg3 Bd6 12. Ndf3 b6 13. 0-0 Rg8 14. Nxd7 Nxd7 15. Ne5 gxf4 16. exf4 cxd4 17. Nxc6 Qxc6 18. cxd4 Nf6 19. Rc1 Qd7 20. Qe2 Qd8 21. f5 Bxg3 22. hxg3 Qe7 23. fxe6 Rxg3 24. Qe5 Rxd3 25. Rxf6 1-0

[Event "BL2-Ost 2223"]
[Site "Germany"]
[Date "2022.10.22"]
[Round "1.8"]
[White "Fauth, Dietmar"]
[Black "Rausch, Stephan"]
[Result "1-0"]
[WhiteElo "2145"]
[BlackElo "2259"]
[PlyCount "73"]
[EventDate "2022.10.22"]
[EventType "team-tourn"]
[EventRounds "10"]
[EventCountry "GER"]
[SourceTitle "EXT 2024"]
[Source "ChessBase"]
[SourceDate "2023.10.10"]
[SourceVersion "1"]
[SourceVersionDate "2023.10.10"]
[SourceQuality "1"]
[WhiteTeam "Goeggingen"]
[BlackTeam "Leipzig SG"]
[WhiteTeamCountry "GER"]
[BlackTeamCountry "GER"]

1. e4 e6 2. d4 d5 3. Nc3 dxe4 4. Nxe4 Bd7 5. c4 Bc6 6. Nc3 Nf6 7. Be3 b6 8. Nf3 Nbd7 9. Qc2 Bb4 10. Bd3 Bb7 11. 0-0-0 c6 12. Ne5 Bxc3 13. Qxc3 Qc7 14. f3 Nxe5 15. dxe5 Nd7 16. Bf4 0-0-0 17. Bc2 h6 18. Rd6 c5 19. Rhd1 Nb8 20. Qa3 Nc6 21. Be4 Nd4 22. Bxb7+ Qxb7 23. Qd3 Qc7 24. Qe4 Qb7 25. Qd3 Rxd6 26. exd6 f6 27. Be3 e5 28. Bxd4 cxd4 29. f4 Re8 30. fxe5 fxe5 31. Qg6 Qd7 32. Rf1 Re6 33. Qe4 Qxd6 34. Qa8+ Kd7 35. Qxa7+ Kc6 36. Rf7 Rf6 37. Qa4+ 1-0

[Event "Oberliga Ost-A 2122"]
[Site "Germany"]
[Date "2022.06.18"]
[Round "4.6"]
[White "Enekwizu, Divine"]
[Black "Rausch, Stephan"]
[Result "1-0"]
[WhiteElo "1838"]
[BlackElo "2285"]
[PlyCount "59"]
[EventDate "2021.10.10"]
[EventType "team-tourn"]
[EventRounds "11"]
[EventCountry "GER"]
[SourceTitle "EXT 2023"]
[Source "ChessBase"]
[SourceDate "2022.10.05"]
[SourceVersion "1"]
[SourceVersionDate "2022.10.05"]
[SourceQuality "1"]
[WhiteTeam "Magdeburg Rochade"]
[BlackTeam "Leipzig SG"]
[WhiteTeamCountry "GER"]
[BlackTeamCountry "GER"]

1. d4 d5 2. Bf4 Nf6 3. e3 Bf5 4. c4 c6 5. Qb3 Qb6 6. Nc3 dxc4 7. Bxc4 Qxb3 8. axb3 Nbd7 9. h3 e6 10. Bg3 Bb4 11. f3 0-0 12. e4 Bg6 13. Nge2 c5 14. Bd6 Rfc8 15. 0-0 Ne8 16. Be7 a6 17. d5 Nb6 18. d6 Nd7 19. Rfd1 Rab8 20. Nf4 b5 21. Bf1 Rc6 22. Nxg6 hxg6 23. e5 f6 24. f4 Kf7 25. Nxb5 fxe5 26. Nc7 exf4 27. Bc4 Nxc7 28. dxc7 Re8 29. Bd8 Nb6 30. Rxa6 1-0

[Event "Oberliga Ost-A 2122"]
[Site "Germany"]
[Date "2022.05.08"]
[Round "8.7"]
[White "Rausch, Stephan"]
[Black "Heyme, Sibylle"]
[Result "1-0"]
[WhiteElo "2285"]
[BlackElo "2018"]
[PlyCount "89"]
[EventDate "2021.10.10"]
[EventType "team-tourn"]
[EventRounds "11"]
[EventCountry "GER"]
[SourceTitle "EXT 2023"]
[Source "ChessBase"]
[SourceDate "2022.10.05"]
[SourceVersion "1"]
[SourceVersionDate "2022.10.05"]
[SourceQuality "1"]
[WhiteTeam "Leipzig SG"]
[BlackTeam "Hoyerswerda"]
[WhiteTeamCountry "GER"]
[BlackTeamCountry "GER"]

1. d4 Nf6 2. Nf3 g6 3. c4 Bg7 4. Nc3 d6 5. e4 0-0 6. h3 Nc6 7. Be3 e5 8. d5 Ne7 9. g4 c6 10. Be2 cxd5 11. cxd5 Bd7 12. Nd2 Ne8 13. g5 f5 14. f3 Nc8 15. h4 Nc7 16. Qb3 b6 17. Rc1 Rf7 18. Kd1 Rb8 19. a4 Qe8 20. Nb5 Nxb5 21. Bxb5 fxe4 22. fxe4 a6 23. Bxd7 Qxd7 24. Kc2 b5 25. Kb1 Qb7 26. axb5 axb5 27. Rc6 Rd7 28. Rhc1 Bf8 29. Qd1 Na7 30. Qg4 Rf7 31. Rb6 Qa8 32. Ra6 Rbb7 33. Qe6 Qb8 34. Rf1 Kg7 35. Rf6 Rxf6 36. gxf6+ Kh8 37. Nf3 h6 38. Bxa7 Rxa7 39. Rxa7 Qxa7 40. Qe8 Kg8 41. Qxg6+ Kh8 42. f7 Bg7 43. Qe6 Bf8 44. Qf6+ Kh7 45. h5 1-0

[Event "Oberliga Ost-A 1920"]
[Site "Germany"]
[Date "2021.07.17"]
[Round "10.7"]
[White "Rausch, Stephan"]
[Black "Merkel, Toni"]
[Result "1-0"]
[WhiteElo "2272"]
[BlackElo "1910"]
[PlyCount "69"]
[EventDate "2019.09.29"]
[EventType "team-tourn"]
[EventRounds "11"]
[EventCountry "GER"]
[SourceTitle "EXT 2023"]
[Source "ChessBase"]
[SourceDate "2022.10.05"]
[SourceVersion "1"]
[SourceVersionDate "2022.10.05"]
[SourceQuality "1"]
[WhiteTeam "Leipzig SG"]
[BlackTeam "Plauen Koenig II"]
[WhiteTeamCountry "GER"]
[BlackTeamCountry "GER"]

1. d4 Nf6 2. Nf3 g6 3. c4 Bg7 4. Nc3 0-0 5. e4 d6 6. h3 c6 7. Be3 Qc7 8. Be2 Nbd7 9. 0-0 e5 10. d5 Ne8 11. b4 f5 12. c5 fxe4 13. Nxe4 Ndf6 14. cxd6 Qd8 15. Nxf6+ Qxf6 16. dxc6 Nxd6 17. Qd5+ Qe6 18. Qxe6+ Bxe6 19. Ng5 Bc4 20. Bxc4+ Nxc4 21. cxb7 Rab8 22. Bxa7 Rxb7 23. Bc5 Ra8 24. Ne4 Nb2 25. Rfb1 Nd3 26. a4 Bf8 27. Bxf8 Kxf8 28. b5 Rab8 29. g3 Rc7 30. Ra3 Rc4 31. Rxd3 Rxe4 32. Ra3 Ke7 33. b6 Re2 34. b7 Rc2 35. a5 1-0

[Event "GER-ch Net Amateur Gr-A Final"]
[Site "Playchess.com INT"]
[Date "2020.04.18"]
[Round "7"]
[White "Hartmann, Martin"]
[Black "Rausch, Stephan"]
[Result "1-0"]
[WhiteElo "2027"]
[BlackElo "2123"]
[PlyCount "105"]
[EventDate "2020.04.18"]
[EventType "swiss (blitz)"]
[EventRounds "13"]
[EventCountry "GER"]
[SourceTitle "CBM 195 Extra"]
[Source "ChessBase"]
[SourceDate "2020.05.31"]
[SourceVersion "1"]
[SourceVersionDate "2020.05.31"]
[SourceQuality "1"]

1. e4 e6 2. d4 d5 3. exd5 exd5 4. Nf3 Bd6 5. c4 Nf6 6. c5 Be7 7. Bd3 c6 8. 0-0 0-0 9. Nc3 Bg4 10. h3 Bh5 11. Bg5 Ne4 12. Bxe7 Qxe7 13. Re1 f5 14. Be2 Nd7 15. Nd2 Bxe2 16. Qxe2 Qf6 17. Nf3 Rae8 18. Qd3 Re7 19. b4 a6 20. a4 Rfe8 21. b5 axb5 22. axb5 Nxc3 23. Qxc3 cxb5 24. Rxe7 Rxe7 25. Ra8+ Kf7 26. Qb3 Qc6 27. Ng5+ Kg6 28. Qg3 f4 29. Qxf4 Qf6 30. Qxf6+ Nxf6 31. Nf3 Ne4 32. Ne5+ Kf6 33. Rf8+ Ke6 34. f4 g6 35. g4 Rg7 36. Re8+ Re7 37. Ra8 Nc3 38. Kf2 b4 39. Rf8 Ne4+ 40. Ke3 Rg7 41. Ra8 h5 42. g5 b3 43. Ra3 Ng3 44. Rxb3 Nf5+ 45. Kd3 Rc7 46. Rb6+ Rc6 47. Nxc6 bxc6 48. Rxc6+ Kf7 49. Rf6+ Kg7 50. c6 Ne7 51. c7 Nc8 52. Ra6 Kf7 53. Ra8 1-0

[Event "GER-ch Net Amateur Gr-A Final"]
[Site "Playchess.com INT"]
[Date "2020.04.18"]
[Round "5"]
[White "Rausch, Stephan"]
[Black "Koellner, Christof"]
[Result "0-1"]
[WhiteElo "2123"]
[BlackElo "1992"]
[PlyCount "86"]
[EventDate "2020.04.18"]
[EventType "swiss (blitz)"]
[EventRounds "13"]
[EventCountry "GER"]
[SourceTitle "CBM 195 Extra"]
[Source "ChessBase"]
[SourceDate "2020.05.31"]
[SourceVersion "1"]
[SourceVersionDate "2020.05.31"]
[SourceQuality "1"]

1. d4 d5 2. Nf3 Nf6 3. Bg5 e6 4. c3 Be7 5. Nbd2 0-0 6. e3 h6 7. Bh4 Nbd7 8. Bd3 c5 9. 0-0 b6 10. Ne5 Nxe5 11. dxe5 Nd7 12. Bxe7 Qxe7 13. f4 a5 14. Qe2 Nb8 15. c4 Rd8 16. cxd5 exd5 17. Nf3 Ba6 18. Bxa6 Nxa6 19. f5 f6 20. e6 Nb4 21. Nh4 Nc6 22. Ng6 Qd6 23. Qg4 Ne7 24. Rf3 Nxg6 25. Qxg6 Ra7 26. Rg3 Kh8 27. Rd1 Qe7 28. Rh3 b5 29. Rh4 a4 30. a3 b4 31. axb4 cxb4 32. Rxh6+ gxh6 33. Qxh6+ Kg8 34. e4 Qg7 35. Qe3 a3 36. exd5 axb2 37. d6 Ra1 38. Qe1 Rxd6 39. Rxa1 bxa1Q 40. Qxa1 Rd2 41. Qa8+ Kh7 42. Qe4 Qa7+ 43. Kf1 Qf2# 0-1

[Event "GER-ch Net Amateur Gr-A Final"]
[Site "Playchess.com INT"]
[Date "2020.04.18"]
[Round "8"]
[White "Rausch, Stephan"]
[Black "Lambertz, Michael"]
[Result "0-1"]
[WhiteElo "2123"]
[BlackElo "1893"]
[PlyCount "136"]
[EventDate "2020.04.18"]
[EventType "swiss (blitz)"]
[EventRounds "13"]
[EventCountry "GER"]
[SourceTitle "CBM 195 Extra"]
[Source "ChessBase"]
[SourceDate "2020.05.31"]
[SourceVersion "1"]
[SourceVersionDate "2020.05.31"]
[SourceQuality "1"]

1. d4 Nf6 2. Nf3 d5 3. Bg5 Ne4 4. Bh4 Qd6 5. c3 Qh6 6. Nbd2 g5 7. Bg3 Nxg3 8. fxg3 e6 9. e4 Bd6 10. e5 Be7 11. g4 c5 12. Bd3 Nc6 13. a3 Bd7 14. Qe2 cxd4 15. cxd4 Rc8 16. 0-0 0-0 17. Qe3 f6 18. h4 fxe5 19. Nxe5 Nxe5 20. Qxe5 Bf6 21. hxg5 Bxe5 22. gxh6 Bxd4+ 23. Kh2 Be3 24. Nf3 Bxh6 25. g3 Bg7 26. Rae1 Rce8 27. Ne5 Bxe5 28. Rxe5 Rxf1 29. Bxf1 Rf8 30. Be2 Rf2+ 31. Kg1 Rf6 32. Kg2 h6 33. Bd3 Kg7 34. g5 hxg5 35. Rxg5+ Kf7 36. Re5 Ke7 37. g4 Kd6 38. Rh5 e5 39. g5 Rf4 40. Rh6+ Kc5 41. Be2 Bg4 42. Bf1 Bf3+ 43. Kg3 Bd1 44. Bh3 Rf3+ 45. Kg2 Rf8 46. Rf6 Rxf6 47. gxf6 Kd6 48. f7 Ke7 49. Be6 d4 50. Bd5 b6 51. Kg3 Bh5 52. Kf2 Bxf7 53. Be4 Kd6 54. Ke2 Bd5 55. Bf5 e4 56. Kd2 Ke5 57. Bh7 a5 58. b4 Bc4 59. bxa5 bxa5 60. Kc2 d3+ 61. Kc3 Be6 62. Bg6 Bf5 63. Bh5 Kf4 64. Kd4 Kg3 65. Ke3 Bh7 66. Bd1 Kg2 67. Bg4 Kf1 68. Bh5 Ke1 0-1

[Event "GER-ch Net Amateur Gr-A Vor3"]
[Site "Playchess.com INT"]
[Date "2020.04.16"]
[Round "8"]
[White "Rausch, Stephan"]
[Black "Flach, Erich"]
[Result "1-0"]
[WhiteElo "2073"]
[BlackElo "2033"]
[PlyCount "137"]
[EventDate "2020.04.16"]
[EventType "swiss (blitz)"]
[EventRounds "9"]
[EventCountry "GER"]
[SourceTitle "CBM 195 Extra"]
[Source "ChessBase"]
[SourceDate "2020.05.31"]
[SourceVersion "1"]
[SourceVersionDate "2020.05.31"]
[SourceQuality "1"]

1. d4 Nf6 2. Nf3 c5 3. e3 b6 4. g3 Bb7 5. Bg2 g6 6. 0-0 Bg7 7. b3 0-0 8. Bb2 d6 9. Nbd2 Nbd7 10. c4 a6 11. Qc2 Rc8 12. d5 b5 13. a4 bxc4 14. bxc4 Rb8 15. Bc3 Bc8 16. Rab1 Qc7 17. Rxb8 Nxb8 18. Rb1 Bf5 19. e4 Bg4 20. Qb2 Bxf3 21. Bxf3 Nbd7 22. Qb7 Qxb7 23. Rxb7 Rb8 24. Rxb8+ Nxb8 25. Nb3 Nfd7 26. Ba5 Ne5 27. Be2 h5 28. Bc7 Nbd7 29. h3 Nf6 30. f4 Ned7 31. Bd3 Ne8 32. Ba5 e6 33. dxe6 fxe6 34. Kg2 Kf7 35. Kf3 Ke7 36. g4 Nf8 37. Be1 hxg4+ 38. hxg4 Nd7 39. Bg3 Nb6 40. a5 Na4 41. e5 dxe5 42. fxe5 g5 43. Be4 Nb2 44. Nd2 Kd7 45. Bb7 Nc7 46. Be4 Nd1 47. Bc2 Nb2 48. Ke3 Na8 49. Bd3 Kc7 50. Ne4 Kc6 51. Nxg5 Nc7 52. Bf4 Kd7 53. Ne4 Nd1+ 54. Kd2 Nb2 55. Be2 Na4 56. Kc2 Kc6 57. Kb3 Nb6 58. axb6 Kxb6 59. Bd3 a5 60. Nd6 Na6 61. Ne8 Bf8 62. g5 Kc6 63. g6 Kd7 64. g7 Bxg7 65. Nxg7 Ke7 66. Be4 Nc7 67. Ka4 Kf7 68. Nh5 Ne8 69. Kxa5 1-0

[Event "Oberliga Ost-A 1920"]
[Site "Germany"]
[Date "2020.03.01"]
[Round "9.8"]
[White "Rausch, Stephan"]
[Black "Duchrow, Oliver"]
[Result "1-0"]
[WhiteElo "2272"]
[BlackElo "2080"]
[PlyCount "91"]
[EventDate "2019.09.29"]
[EventType "team-tourn"]
[EventRounds "11"]
[EventCountry "GER"]
[SourceTitle "EXT 2023"]
[Source "ChessBase"]
[SourceDate "2022.10.05"]
[SourceVersion "1"]
[SourceVersionDate "2022.10.05"]
[SourceQuality "1"]
[WhiteTeam "Leipzig SG"]
[BlackTeam "Sangerhausen"]
[WhiteTeamCountry "GER"]
[BlackTeamCountry "GER"]

1. d4 f5 2. g3 Nf6 3. Bg2 g6 4. Nh3 Bg7 5. 0-0 0-0 6. c3 c6 7. Nd2 d6 8. Nf3 Qe8 9. Qb3+ Kh8 10. Bf4 h6 11. Ne1 g5 12. Bd2 f4 13. f3 fxg3 14. hxg3 e5 15. e3 e4 16. Nf2 d5 17. c4 b6 18. Bb4 Rf7 19. fxe4 Nh5 20. Bd6 dxc4 21. Qd1 Rd7 22. Bf3 Rxd6 23. Bxh5 Qe7 24. e5 Rd8 25. Ne4 Be6 26. Nd6 Rf8 27. Rxf8+ Qxf8 28. Ng2 Nd7 29. Qc2 Nxe5 30. dxe5 Bxe5 31. Ne4 Qg7 32. Rf1 Rf8 33. Rxf8+ Qxf8 34. Kh2 Qf5 35. Bd1 Qh3+ 36. Kg1 Bxg3 37. Qc3+ Kg8 38. Nxg3 Qxg3 39. Qf6 Bd5 40. e4 Qd3 41. Qg6+ Kf8 42. Qxh6+ Ke7 43. Qxg5+ Kd6 44. Qf4+ Kc5 45. Qf2+ Kb5 46. Bc2 1-0

[Event "Zuoz Engiadina op 25th"]
[Site "Zuoz"]
[Date "2018.10.11"]
[Round "6"]
[White "Rausch, Stephan"]
[Black "Lenninger, Ralf"]
[Result "1/2-1/2"]
[WhiteElo "2232"]
[BlackElo "1931"]
[PlyCount "78"]
[EventDate "2018.10.06"]
[EventType "swiss"]
[EventRounds "7"]
[EventCountry "SUI"]
[SourceTitle "CBM 186 Extra"]
[Source "ChessBase"]
[SourceDate "2018.08.24"]
[SourceVersion "1"]
[SourceVersionDate "2018.08.24"]
[SourceQuality "1"]

1. d4 Nf6 2. Nf3 e6 3. Bg5 h6 4. Bh4 b6 5. e3 Bb7 6. Nbd2 Be7 7. c3 0-0 8. Bd3 d5 9. Ne5 c5 10. 0-0 Nc6 11. f4 c4 12. Bc2 b5 13. a3 a5 14. g4 Ne4 15. Nxe4 Bxh4 16. Nd2 b4 17. Qe2 Nxe5 18. fxe5 b3 19. Bd1 f6 20. Nf3 fxe5 21. Nxe5 Qg5 22. Rf4 Kh7 23. Qf3 Qe7 24. Be2 g5 25. Rf7+ Rxf7 26. Qxf7+ Qxf7 27. Nxf7 Bf2+ 28. Kxf2 Rf8 29. Kg3 Rxf7 30. Bf3 Kg7 31. Rh1 Re7 32. h4 gxh4+ 33. Rxh4 e5 34. Rh5 exd4 35. exd4 Re1 36. Rh1 Rxh1 37. Bxh1 Kf6 38. Kh4 Kg6 39. Bf3 Bc6 1/2-1/2

[Event "Zuoz Engiadina op 25th"]
[Site "Zuoz"]
[Date "2018.10.07"]
[Round "2"]
[White "Rausch, Stephan"]
[Black "Remensberger, Hansuli"]
[Result "1-0"]
[WhiteElo "2232"]
[BlackElo "2000"]
[PlyCount "63"]
[EventDate "2018.10.06"]
[EventType "swiss"]
[EventRounds "7"]
[EventCountry "SUI"]
[SourceTitle "CBM 186 Extra"]
[Source "ChessBase"]
[SourceDate "2018.08.24"]
[SourceVersion "1"]
[SourceVersionDate "2018.08.24"]
[SourceQuality "1"]

1. d4 d6 2. c4 e5 3. e3 exd4 4. exd4 g6 5. Nf3 Bg7 6. h3 Ne7 7. Be2 Nbc6 8. Na3 h6 9. Nc2 0-0 10. b4 a5 11. b5 Nb4 12. Ne3 c5 13. Bb2 Nf5 14. a3 cxd4 15. Nxf5 Bxf5 16. axb4 d3 17. Bxg7 Re8 18. Bxh6 Rxe2+ 19. Kf1 Qf6 20. Be3 Re8 21. Bd4 Qe7 22. bxa5 Qe4 23. Ra3 d2 24. Re3 Rxe3 25. fxe3 Qd3+ 26. Kf2 Qxc4 27. Qxd2 Rc8 28. Kg3 Qxb5 29. Rc1 Re8 30. Bb2 Qd3 31. Qxd3 Bxd3 32. Bd4 1-0

[Event "Oberliga Ost-A 1718"]
[Site "Germany"]
[Date "2018.02.04"]
[Round "7.5"]
[White "Rausch, Stephan"]
[Black "Heinz, Juergen"]
[Result "1/2-1/2"]
[WhiteElo "2229"]
[BlackElo "2222"]
[PlyCount "35"]
[EventDate "2017.10.22"]
[EventType "team-tourn"]
[EventRounds "11"]
[EventCountry "GER"]
[SourceTitle "EXT 2019"]
[Source "ChessBase"]
[SourceDate "2018.10.10"]
[SourceVersion "1"]
[SourceVersionDate "2018.10.10"]
[SourceQuality "1"]
[WhiteTeam "Leipzig SG"]
[BlackTeam "Aue Nickelhuette II"]
[WhiteTeamCountry "GER"]
[BlackTeamCountry "GER"]

1. d4 d5 2. Nf3 Nf6 3. c4 c6 4. Nc3 dxc4 5. a4 Bf5 6. e3 Bd3 7. Bxd3 cxd3 8. Qxd3 Nbd7 9. 0-0 e6 10. b3 Be7 11. Ba3 Bxa3 12. Rxa3 Qe7 13. Ra2 0-0 14. Rb1 Rfd8 15. b4 e5 16. Qf5 exd4 17. exd4 Qd6 18. b5 1/2-1/2

[Event "Oberliga Ost-A 1718"]
[Site "Germany"]
[Date "2017.11.12"]
[Round "3.4"]
[White "Mueller, Richard"]
[Black "Rausch, Stephan"]
[Result "0-1"]
[WhiteElo "2161"]
[BlackElo "2229"]
[PlyCount "134"]
[EventDate "2017.10.22"]
[EventType "team-tourn"]
[EventRounds "11"]
[EventCountry "GER"]
[SourceTitle "EXT 2019"]
[Source "ChessBase"]
[SourceDate "2018.10.10"]
[SourceVersion "1"]
[SourceVersionDate "2018.10.10"]
[SourceQuality "1"]
[WhiteTeam "Coswig TuS"]
[BlackTeam "Leipzig SG"]
[WhiteTeamCountry "GER"]
[BlackTeamCountry "GER"]

1. d4 d5 2. c4 e6 3. Nc3 c6 4. cxd5 exd5 5. Bf4 Qb6 6. Qd2 Nf6 7. a3 Bf5 8. e3 Nbd7 9. Nf3 Be7 10. Be2 Ne4 11. Nxe4 Bxe4 12. 0-0 0-0 13. Bd3 Nf6 14. Ne5 Bd6 15. Nd7 Nxd7 16. Bxd6 Rfe8 17. Rad1 Re6 18. Bg3 Bxd3 19. Qxd3 Nf6 20. f3 Rae8 21. Rfe1 a6 22. Re2 Nh5 23. Be5 Rxe5 24. dxe5 Nf4 25. Qd2 Nxe2+ 26. Qxe2 Rxe5 27. Rd3 h6 28. Qd2 f5 29. Kh1 Qb5 30. h3 Kh7 31. Qc2 Qc4 32. Qd1 Qh4 33. Qd2 Qe7 34. Rb3 Qf7 35. Qd4 Re7 36. Rc3 Qg6 37. Rb3 Qe6 38. Rc3 Qe5 39. Qd2 Kh8 40. Rd3 Kg8 41. Rc3 Rd7 42. Rd3 c5 43. b4 c4 44. Rd4 b5 45. Kg1 Kh7 46. Kf2 Rd6 47. Qc2 Re6 48. Qd2 Qh2 49. Qc2 Qe5 50. Qd2 Rg6 51. f4 Qf6 52. Kf1 Qe6 53. Kf2 Qc6 54. Qc2 Rf6 55. Qc3 Re6 56. Qd2 Re4 57. Qc3 Rxd4 58. exd4 Qe6 59. h4 Qe4 60. g3 Kg6 61. Qd2 Qd3 62. Qe1 Qxd4+ 63. Kf1 Qe4 64. Qf2 d4 65. a4 c3 66. h5+ Kh7 67. g4 c2 0-1

[Event "Oberliga Ost-A 1617"]
[Site "Germany"]
[Date "2017.05.07"]
[Round "11.5"]
[White "Rausch, Stephan"]
[Black "Reipsch, Jens"]
[Result "0-1"]
[WhiteElo "2277"]
[BlackElo "2222"]
[PlyCount "110"]
[EventDate "2016.10.16"]
[EventType "team-tourn"]
[EventRounds "11"]
[EventCountry "GER"]
[SourceTitle "EXT 2018"]
[Source "ChessBase"]
[SourceDate "2017.10.13"]
[SourceVersion "1"]
[SourceVersionDate "2017.10.13"]
[SourceQuality "1"]
[WhiteTeam "Leipzig SG"]
[BlackTeam "Halle USV"]
[WhiteTeamCountry "GER"]
[BlackTeamCountry "GER"]

1. d4 Nf6 2. Nf3 c6 3. c3 g6 4. Bg5 Bg7 5. Nbd2 d5 6. Bxf6 exf6 7. e3 0-0 8. c4 dxc4 9. Bxc4 Nd7 10. 0-0 f5 11. a4 Nb6 12. a5 Nxc4 13. Nxc4 Be6 14. Qc2 Bd5 15. Nce5 Rc8 16. b4 Re8 17. Rfc1 Bf8 18. Qb2 f4 19. Re1 fxe3 20. fxe3 f6 21. Nd3 Bh6 22. Nf4 Bxf3 23. gxf3 Bxf4 24. exf4 Qd5 25. Rxe8+ Rxe8 26. Qa2 Re1+ 27. Kf2 Qxa2+ 28. Rxa2 Rb1 29. a6 Rxb4 30. axb7 Rxb7 31. Rc2 Rc7 32. d5 Kf7 33. f5 gxf5 34. dxc6 Ke6 35. Ke3 Kd6 36. Kf4 Rxc6 37. Ra2 a6 38. Kxf5 Ke7 39. Rb2 Rc5+ 40. Ke4 Kf7 41. f4 Kg6 42. Rg2+ Kh6 43. Rg8 a5 44. Rf8 Kg6 45. Rg8+ Kh5 46. Ra8 Kg4 47. Rg8+ Kh4 48. Rg7 h5 49. f5 Re5+ 50. Kf4 Rb5 51. Ke4 a4 52. Rg3 Rb3 53. Rg6 Rb4+ 54. Kd5 a3 55. Rg2 Ra4 0-1